Statistics for 10 Easternmost Countries That Start with "S"

Click here to take the quiz!

General Stats

  • This quiz has been taken 238 times
  • The average score is 8 of 10

Answer Stats

Degrees Country % Correct
104°24'ESingapore
89%
130°56'ESouth Korea
89%
51°27'ESomalia
86%
81°40'ESri Lanka
83%
38°35'ESudan
82%
55°30'ESaudi Arabia
79%
170°10'ESolomon Islands
78%
56°16'ESeychelles
75%
42°25'ESyria
75%
38°00'ESouth Africa
63%

Score Distribution

Percentile by Number Answered

Percent of People with Each Score

Your Score History

You have not taken this quiz